LEADER 02028nas 2200613- 450 001 996250822803316 005 20210110033451.4 011 $a1179-061X 035 $a(DE-599)ZDB2659433-X 035 $a(OCoLC)466445083 035 $a(CKB)1000000000768683 035 $a(CONSER)--2018207328 035 $a(EXLCZ)991000000000768683 100 $a20090610a20089999 s-- a 101 0 $aeng 135 $aurbn||||a|||| 181 $ctxt$2rdacontent 182 $cc$2rdamedia 183 $acr$2rdacarrier 200 00$aBone and tissue regeneration insights 210 1$a[Auckland, N.Z.] :$cLibertas Academica,$d[2008]- 210 31$a[Place of publication not identified] :$cSage Publications :$c<2018>- 215 $a1 online resource (electronic documents) $cillustrations, PDF files 300 $aRefereed/Peer-reviewed 300 $aArchived by the National Library of New Zealand. 300 $aHypertext links contained in the archived instances of this title are non-functional.$5Nz 531 1 $aBone tissue regen. insights 606 $aBone regeneration$vPeriodicals 606 $aTissue engineering$vPeriodicals 606 $aBone Regeneration 606 $aTissue Engineering 606 $aConnective Tissue$2ebps 606 $aRegenerative Medicine$2ebps 606 $aBones$2ebps 606 $aBone regeneration$2fast$3(OCoLC)fst00835968 606 $aTissue engineering$2fast$3(OCoLC)fst01151484 608 $aFulltext. 608 $aInternet Resources. 608 $aPeriodicals. 608 $aPeriodicals.$2fast 615 0$aBone regeneration 615 0$aTissue engineering 615 12$aBone Regeneration. 615 12$aTissue Engineering. 615 7$aConnective Tissue. 615 7$aRegenerative Medicine. 615 7$aBones. 615 7$aBone regeneration. 615 7$aTissue engineering. 676 $a617.471 906 $aJOURNAL 912 $a996250822803316 996 $aBone and tissue regeneration insights$92291839 997 $aUNISA LEADER 01432nas 2200481-- 450 001 9910548267203321 005 20260218111319.0 011 $a2940-7346 035 $a(DE-599)ZDB2896685-5 035 $a(CKB)110978976471673 035 $a(CONSER)---24020045- 035 $a(DE-599)2896685-5 035 $a(DE-599)3148006-8 035 $a(EXLCZ)99110978976471673 100 $a20750807a19109999 --d b 101 0 $ager 181 $ctxt$2rdacontent 182 $cc$2rdamedia 183 $acr$2rdacarrier 200 00$aBaessler-Archiv 210 $aBerlin$cD. Reimer$d1910- 215 $a1 online resource 300 $aImprint varies: Bds. 1-6 published in Leipzig by B.G. Teubner. 311 08$aPrint version: Baessler-Archiv. 0005-3856 (DLC) 24020045 (OCoLC)1519014 330 $a"Beiträge zur Völkerkunde." 606 $aEthnology$vPeriodicals 606 $aEthnology$2fast$3(OCoLC)fst00916106 606 $aEthnology 608 $aPeriodicals.$2aat 608 $aPeriodicals.$2fast 608 $aPeriodical. 615 0$aEthnology 615 7$aEthnology. 615 2$aEthnology. 686 $a73.00$2bcl 712 02$aBaessler-Institut. 712 02$aMuseum fu?r Vo?lkerkunde (Berlin, Germany) 712 02$aEthnologisches Museum Berlin. 906 $aJOURNAL 912 $a9910548267203321 920 $aexl_impl conversion 996 $aBaessler-Archiv$91325137 997 $aUNINA